1522 1777 1825 1605 1314 1337 1927 1234 1124 1848 1245 1988 1597 1535 1686 1818 1778 1534 1652 1943 1287 1904 1502 1863 1763 1780 1967 1426 1389 1000 1234 1283 1413 1615 1956 1032 1838 1457 1074 1966 1030 1845 1512 1560 1232 1977 1379 1479 1075 1858 1652 1274 1827 1828 1049 1738 1538 1076 1854 1952 1196 1553 1186 1368 1125 1293 1116 1266 1297 1844 1888 1427 1163 1476 1139 1103 1354 1913 1687 1803 1506 1590 1663 1566 1951 1307 1991 1263 1237 1171 1166 1714 1930 1061 1907 1430 1960 1035 1877 BCNSPRNW ULIB Ver.6.0+V

เปลี่ยนเป็นภาษาไทย

Change to English
 แสดงรายละเอียดบรรณานุกรม
  กลับหน้าหลัก

Brief Record : Get Marc (ISO 2709) : E-mail record : QR code < ปิดหน้าต่าง
LEADER : 00000nam 2200000uu 4500
001    13399111929
003     ULIB
008    110627s2552||||th 000 0 tha d
020    9786117190124
090    นว.^bช564ล 2552
100 0  ชินณ์
245 00 ลิขิตรัก อาญาพิศวาส/^cชินณ์
250    พิมพ์ครั้งที่ 1
260    กรุงเทพฯ :^bอินเลิฟ,^c2552
300    330 หน้า
710 1  อินเลิฟ
945    ^p224^l0^i026483
995    ทศพร
999 ^a ใช้งานได้ทุกระบบ
รายการนี้ยังไม่มีแท็ก
คุณยังไม่ได้ล็อกอิน คุณสามารถมีกิจกรรมร่วมกับเว็บไซต์ได้ แต่ต้องล็อกอินก่อน ::
  ล็อกอิน

รายการสื่อสารสนเทศ

ลำดับที่ ประเภท เลขเรียก/บาร์โค้ด สถานที่ สถานะ
- ไม่พบข้อมูล -

BibComment


ยังไม่เคยถูกคอมเมนท์

คอมเมนท์ทรัพยากรรายการนี้
  คอมเมนท์: ลิขิตรัก อาญาพิศว..


 Copyright 2026. Bcnsprnw @Library